ბათუმის შოთა რუსთაველის სახელმწიფო უნივერსიტეტის ბიბლიოთეკა

თხზულებანი: ლექსები (ბიბ.ჩანაწერი № 41935)

000 -LEADER
fixed length control field 00809nam a2200241Ia 4500
001 - CONTROL NUMBER
control field 8619
003 - CONTROL NUMBER IDENTIFIER
control field GE_BSU
008 - FIXED-LENGTH DATA ELEMENTS--GENERAL INFORMATION
fixed length control field 181216s||||||||xx |||||||||||||| ||und||
040 ## - CATALOGING SOURCE
Transcribing agency GE_BSU
080 ## - UNIVERSAL DECIMAL CLASSIFICATION NUMBER
Universal Decimal Classification number 821.353.1-1
100 ## - MAIN ENTRY--PERSONAL NAME
Personal name ერისთავი, რაფიელ
245 ## - TITLE STATEMENT
Title თხზულებანი: ლექსები
245 ## - TITLE STATEMENT
Remainder of title ტ.1
245 ## - TITLE STATEMENT
Statement of responsibility, etc. შალვა რადიანის რედ: წინასიტყვაობით და შენიშვნებით.
260 ## - PUBLICATION, DISTRIBUTION, ETC.
Place of publication, distribution, etc. ტფილისი.
260 ## - PUBLICATION, DISTRIBUTION, ETC.
Name of publisher, distributor, etc. სახელმწიფო გამ–ბა
260 ## - PUBLICATION, DISTRIBUTION, ETC.
Date of publication, distribution, etc. 1935
300 ## - PHYSICAL DESCRIPTION
Extent 385 გვ; 20 სმ
300 ## - PHYSICAL DESCRIPTION
Other physical details 1 ფ. პორტრ.
653 ## - INDEX TERM--UNCONTROLLED
Uncontrolled term თხზულებანი
653 ## - INDEX TERM--UNCONTROLLED
Uncontrolled term ლექსები
942 ## - ADDED ENTRY ELEMENTS (KOHA)
Koha item type წიგნი
ეგზემპლარები
Withdrawn status Lost status Damaged status Not for loan Date acquired Barcode Date last seen Price effective from Koha item type
        2018-12-17 31055 2018-12-17 2018-12-17 წიგნი